[Event "Euskadi-chT (Vasca) Div 1st"]
[Site "Bergara"]
[Date "2016.??.??"]
[Round "2.1"]
[White "Landa Ceballos, Jose Antonio"]
[Black "Monje Peinado, Roberto"]
[Result "0-1"]
[WhiteElo "2030"]
[BlackElo "2041"]
[PlyCount "84"]
[EventDate "2016.01.09"]
[EventType "team-tourn"]
[EventRounds "9"]
[EventCountry "ESP"]
[SourceTitle "EXT 2024"]
[Source "ChessBase"]
[SourceDate "2023.10.10"]
[SourceVersion "1"]
[SourceVersionDate "2023.10.10"]
[SourceQuality "1"]

1. e4 c5 2. Nf3 Nc6 3. d4 cxd4 4. Nxd4 e5 5. Nb5 d6 6. N1c3 a6 7. Na3 b5 8. Nd5 Nce7 9. c4 Nxd5 10. cxd5 f5 11. exf5 Bxf5 12. Be2 Nf6 13. 0-0 Be7 14. f4 Qd7 15. Qb3 Be4 16. fxe5 dxe5 17. d6 Bd5 18. Qg3 Bxd6 19. Bg5 Ne4 20. Qh4 Nxg5 21. Qxg5 Qe7 22. Bh5+ g6 23. Bxg6+ hxg6 24. Qxg6+ Kd8 25. Qd3 Bc5+ 26. Kh1 Rxh2+ 27. Kxh2 Kc7 28. Qh3 Qg7 29. Rfc1 Kb6 30. Rxc5 Kxc5 31. Qe3+ Kc6 32. Rc1+ Kb7 33. Rc2 Rh8+ 34. Kg1 Qh7 35. Qh3 Qxh3 36. gxh3 Rxh3 37. Rc5 Rd3 38. Nc2 Kb6 39. Rc8 Bxa2 40. Nb4 Rd1+ 41. Kf2 Rd2+ 42. Ke3 Rxb2 0-1

[Event "Euskadi-chT (Vasca) Div 1st"]
[Site "Bergara"]
[Date "2014.01.25"]
[Round "3.4"]
[White "Landa Ceballos, Jose Antonio"]
[Black "Landa Monux, Josu"]
[Result "1-0"]
[WhiteElo "2058"]
[BlackElo "2031"]
[PlyCount "57"]
[EventDate "2014.01.11"]
[EventType "team-tourn"]
[EventRounds "9"]
[EventCountry "ESP"]
[SourceTitle "EXT 2024"]
[Source "ChessBase"]
[SourceDate "2023.10.10"]
[SourceVersion "1"]
[SourceVersionDate "2023.10.10"]
[SourceQuality "1"]

1. d4 Nf6 2. c4 e5 3. dxe5 Ng4 4. Bf4 Bb4+ 5. Nd2 Nc6 6. Ngf3 Qe7 7. a3 Ncxe5 8. Nxe5 Nxe5 9. e3 Bxd2+ 10. Qxd2 d6 11. Be2 0-0 12. 0-0 Be6 13. c5 f6 14. cxd6 cxd6 15. Rac1 Rac8 16. Qd4 a6 17. Rfd1 Rxc1 18. Rxc1 Rc8 19. Rxc8+ Bxc8 20. Qc3 Be6 21. h3 Kf7 22. e4 Qd7 23. Be3 d5 24. f4 d4 25. Bxd4 Nc6 26. Bc5 f5 27. exf5 Bxf5 28. Bc4+ Kg6 29. Qg3+ 1-0

[Event "Vasco-chT"]
[Site "Pais Vasco"]
[Date "2009.01.10"]
[Round "1.1"]
[White "Landa Ceballos, Jose Antonio"]
[Black "Navarro Cia, Miguel"]
[Result "0-1"]
[WhiteElo "2070"]
[BlackElo "2318"]
[PlyCount "138"]
[EventDate "2009.01.10"]
[EventType "team-tourn"]
[EventRounds "9"]
[EventCountry "ESP"]
[SourceTitle "EXT 2010"]
[Source "ChessBase"]
[SourceDate "2010.11.25"]
[SourceVersion "1"]
[SourceVersionDate "2010.11.25"]
[SourceQuality "1"]

1. Nf3 g6 2. c4 Bg7 3. Nc3 f5 4. d4 Nf6 5. g3 0-0 6. Bg2 d6 7. e4 Nxe4 8. Nxe4 fxe4 9. Ng5 d5 10. cxd5 Qxd5 11. Bxe4 Qxd4 12. Qb3+ e6 13. 0-0 Qb6 14. Qc4 Nc6 15. Be3 Qxb2 16. Bxc6 bxc6 17. Nxe6 Qb5 18. Qxb5 cxb5 19. Nxg7 Kxg7 20. Rfc1 Rf7 21. Bf4 Be6 22. Rxc7 Rxc7 23. Bxc7 Kf6 24. a3 h5 25. f3 Bc4 26. Kf2 Rc8 27. Bf4 Rd8 28. Rc1 g5 29. Be3 a6 30. a4 g4 31. fxg4 hxg4 32. axb5 axb5 33. Ra1 Kf5 34. Ra6 Rd1 35. Bf4 Ke4 36. Rg6 Rb1 37. Rxg4 Rb2+ 38. Ke1 Re2+ 39. Kd1 Rxh2 40. Rg7 Kd3 41. Rd7+ Kc3 42. Be5+ Kb3 43. g4 Rg2 44. Rg7 Be2+ 45. Ke1 Bd3 46. Bf6 Kc2 47. Rc7+ Bc4 48. g5 Re2+ 49. Kf1 Kd1 50. Kg1 Re4 51. Kf2 Rg4 52. Ke3 Kc2 53. Kf3 Rg1 54. Kf2 Rf1+ 55. Kg2 Rf5 56. Kg3 Kd3 57. Rd7+ Ke3 58. Re7+ Kd2 59. Kg4 Rf1 60. Rd7+ Bd3 61. Rc7 Rg1+ 62. Kf3 b4 63. Kf2 Rf1+ 64. Kg2 Rf5 65. Be7 b3 66. Bf6 Bc2 67. Kg3 Rb5 68. Kf4 Rb4+ 69. Ke5 b2 0-1

[Event "San Sebastian op 19th"]
[Site "San Sebastian"]
[Date "2006.04.10"]
[Round "4.16"]
[White "Landa Ceballos, Jose Antonio"]
[Black "Llaneza Vega, Marcos"]
[Result "0-1"]
[WhiteElo "2062"]
[BlackElo "2322"]
[PlyCount "44"]
[EventDate "2006.04.08"]
[EventType "swiss"]
[EventRounds "9"]
[EventCountry "ESP"]
[SourceTitle "CBM 111 Extra"]
[Source "ChessBase"]
[SourceDate "2006.05.09"]
[SourceVersion "1"]
[SourceVersionDate "2006.05.09"]
[SourceQuality "1"]

1. Nf3 c5 2. c4 Nc6 3. Nc3 e5 4. d3 g6 5. g3 Bg7 6. Bg2 Nge7 7. 0-0 0-0 8. Rb1 d6 9. a3 f5 10. Bd2 a5 11. Nb5 Kh8 12. b4 axb4 13. axb4 cxb4 14. Bxb4 Nxb4 15. Rxb4 d5 16. Qc2 e4 17. Nd2 Bd7 18. cxd5 Nxd5 19. Rbb1 Bxb5 20. Rxb5 Nc3 21. Rxb7 Ra2 22. Qb3 Rxd2 0-1

[Event "Euskadi-ch"]
[Site "Subijana de Alava"]
[Date "2002.04.05"]
[Round "5.6"]
[White "Landa Ceballos, Jose Antonio"]
[Black "Argandona Riveiro, Inigo"]
[Result "1/2-1/2"]
[WhiteElo "2138"]
[BlackElo "2242"]
[PlyCount "86"]
[EventDate "2002.04.02"]
[EventType "swiss"]
[EventRounds "7"]
[EventCountry "ESP"]
[SourceTitle "EXT 2003"]
[Source "ChessBase"]
[SourceDate "2002.11.25"]
[SourceVersion "1"]
[SourceVersionDate "2002.11.25"]
[SourceQuality "1"]

1. d4 d6 2. e4 Nf6 3. Nc3 e5 4. Nf3 Nbd7 5. Bc4 Be7 6. 0-0 0-0 7. Re1 c6 8. b3 b5 9. Bf1 Bb7 10. Qd3 b4 11. Ne2 exd4 12. Nexd4 Nc5 13. Qd2 Nfxe4 14. Qxb4 a5 15. Qa3 d5 16. Nf5 Bf6 17. Bb2 Ne6 18. Bxf6 Qxf6 19. Nd6 Qe7 20. Nc4 Qb4 21. Qxb4 axb4 22. Nb6 Ra3 23. Ne5 Nc3 24. Nd3 c5 25. Nd7 Ra5 26. Nxf8 Kxf8 27. Re3 g6 28. f4 Nd4 29. Ne1 Bc8 30. Bd3 Be6 31. Nf3 Nxf3+ 32. Rxf3 c4 33. bxc4 dxc4 34. Bf1 Nxa2 35. Re3 b3 36. cxb3 cxb3 37. Rb1 Rc5 38. Rxe6 fxe6 39. Rxb3 Nc3 40. Rb7 Nd5 41. g3 Rc1 42. Kf2 Rc2+ 43. Kg1 Rc1 1/2-1/2

[Event "Euskadi-chTB"]
[Site "Euskadi"]
[Date "2001.01.27"]
[Round "7"]
[White "Martin Allende, Jorge"]
[Black "Landa Ceballos, Jose Antonio"]
[Result "0-1"]
[WhiteElo "2115"]
[BlackElo "2152"]
[PlyCount "60"]
[EventDate "2000.11.18"]
[EventType "team"]
[EventRounds "9"]
[EventCountry "ESP"]
[SourceTitle "EXT 2006"]
[Source "ChessBase"]
[SourceDate "2005.11.24"]
[SourceVersion "1"]
[SourceVersionDate "2005.11.24"]
[SourceQuality "1"]

1. e4 d6 2. d4 Nf6 3. Nc3 c6 4. Nf3 Bg4 5. Be2 e6 6. 0-0 d5 7. e5 Nfd7 8. Bf4 c5 9. dxc5 Bxc5 10. Nxd5 exd5 11. Qxd5 Nc6 12. Ng5 Be6 13. Nxe6 fxe6 14. Qxe6+ Qe7 15. Qb3 Nd4 16. Qc4 Nxe2+ 17. Qxe2 0-0 18. Bg3 Bb6 19. Rad1 Nc5 20. Qg4 Qe6 21. Qxe6+ Nxe6 22. Rd7 Nc5 23. Rd5 Ne4 24. a4 Rad8 25. c4 Rxd5 26. cxd5 Nxg3 27. hxg3 Rf5 28. e6 Rxd5 29. Re1 Kf8 30. b4 Rd2 0-1

[Event "Euskadi-chTB"]
[Site "Euskadi"]
[Date "2001.01.20"]
[Round "6"]
[White "Landa Ceballos, Jose Antonio"]
[Black "Ayesta Perojo, Enrique"]
[Result "1-0"]
[WhiteElo "2152"]
[BlackElo "2075"]
[PlyCount "77"]
[EventDate "2000.11.18"]
[EventType "team"]
[EventRounds "9"]
[EventCountry "ESP"]
[SourceTitle "EXT 2006"]
[Source "ChessBase"]
[SourceDate "2005.11.24"]
[SourceVersion "1"]
[SourceVersionDate "2005.11.24"]
[SourceQuality "1"]

1. d4 Nf6 2. Nc3 d5 3. Bg5 e6 4. e4 dxe4 5. Nxe4 Be7 6. Bxf6 Bxf6 7. Nf3 0-0 8. c3 b6 9. Bd3 Bb7 10. Qc2 Nd7 11. 0-0-0 g6 12. h4 Qe7 13. Nfg5 c5 14. Bb5 Rfd8 15. Bxd7 Rxd7 16. dxc5 Rxd1+ 17. Rxd1 h6 18. Rd7 Bxg5+ 19. hxg5 Bxe4 20. Rxe7 Bxc2 21. Kxc2 hxg5 22. c6 Rc8 23. Rxa7 Rxc6 24. a4 g4 25. Ra6 Rc4 26. Kb3 Rf4 27. Rxb6 Rxf2 28. a5 Rf5 29. a6 Ra5 30. c4 Kf8 31. c5 Ke8 32. Kb4 Ra2 33. Kb5 Kd8 34. Rb8+ Kc7 35. Rb7+ Kc8 36. Rxf7 Rxb2+ 37. Kc6 Kb8 38. Rb7+ Rxb7 39. axb7 1-0

[Event "Alava-ch Absoluto"]
[Site "Alava"]
[Date "2001.??.??"]
[Round "?"]
[White "Landa Ceballos, Jose Antonio"]
[Black "Garcia, Jose Alfredo"]
[Result "0-1"]
[WhiteElo "2055"]
[BlackElo "2080"]
[PlyCount "58"]
[EventDate "2001.10.06"]
[EventType "swiss"]
[EventRounds "7"]
[EventCountry "ESP"]
[SourceTitle "CBM 085 Extra"]
[Source "ChessBase"]
[SourceDate "2002.01.21"]
[SourceVersion "1"]
[SourceVersionDate "2002.01.21"]
[SourceQuality "1"]

1. e4 d5 2. exd5 Qxd5 3. Nc3 Qa5 4. d4 c6 5. Nf3 Bf5 6. Bc4 e6 7. 0-0 Nf6 8. Re1 Bb4 9. Bd2 0-0 10. a3 Bxc3 11. Bxc3 Qc7 12. b4 Nbd7 13. Bb3 Nd5 14. Bb2 Qf4 15. c4 N5f6 16. Rc1 Bg4 17. Rc3 Ne4 18. Rce3 Ng5 19. Bc1 Qf6 20. Qd3 Nxf3+ 21. gxf3 Bf5 22. Qe2 Qh4 23. Kh1 Nf6 24. Rg1 Nh5 25. f4 Nxf4 26. Qf3 Nd3 27. Re2 Nxc1 28. Rxc1 Qxd4 29. Rf1 Rad8 0-1

[Event "Alava-ch Absoluto"]
[Site "Alava"]
[Date "2001.??.??"]
[Round "?"]
[White "Ortubay, Josu"]
[Black "Landa Ceballos, Jose Antonio"]
[Result "0-1"]
[WhiteElo "1905"]
[BlackElo "2055"]
[PlyCount "50"]
[EventDate "2001.10.06"]
[EventType "swiss"]
[EventRounds "7"]
[EventCountry "ESP"]
[SourceTitle "CBM 085 Extra"]
[Source "ChessBase"]
[SourceDate "2002.01.21"]
[SourceVersion "1"]
[SourceVersionDate "2002.01.21"]
[SourceQuality "1"]

1. e4 g6 2. d4 Bg7 3. Nc3 d6 4. f4 Nf6 5. Nf3 c5 6. d5 0-0 7. Bd3 e6 8. 0-0 exd5 9. Nxd5 Re8 10. Nxf6+ Bxf6 11. c3 Nc6 12. f5 Ne5 13. Nxe5 Bxe5 14. Bf4 Qb6 15. Bxe5 dxe5 16. fxg6 hxg6 17. Bc4 Be6 18. Rf6 Rad8 19. Qf3 Qxb2 20. Rf1 Bxc4 21. Rxf7 Bxf1 22. Qxf1 Rf8 23. Rf3 Rxf3 24. gxf3 Qxc3 25. Qh3 Qe1+ 0-1

[Event "Euskadi-chTB"]
[Site "Euskadi"]
[Date "2000.11.25"]
[Round "2"]
[White "Ruiz Turrillas, Alfredo"]
[Black "Landa Ceballos, Jose Antonio"]
[Result "0-1"]
[WhiteElo "1850"]
[BlackElo "2152"]
[PlyCount "70"]
[EventDate "2000.11.18"]
[EventType "team"]
[EventRounds "9"]
[EventCountry "ESP"]
[SourceTitle "EXT 2006"]
[Source "ChessBase"]
[SourceDate "2005.11.24"]
[SourceVersion "1"]
[SourceVersionDate "2005.11.24"]
[SourceQuality "1"]

1. e4 d6 2. Bc4 Nf6 3. Nc3 c6 4. d3 e5 5. f4 b5 6. Bb3 a5 7. a3 Nbd7 8. Nf3 Be7 9. Be3 Ng4 10. Qd2 0-0 11. h3 Bh4+ 12. Ke2 Nxe3 13. Qxe3 Bg3 14. f5 Nc5 15. h4 Ba6 16. Ng5 Bf4 17. Qf3 b4 18. Qh5 h6 19. Nxf7 Rxf7 20. Bxf7+ Kf8 21. axb4 axb4 22. g3 bxc3 23. gxf4 Nxe4 24. Rhg1 Qb6 25. Rg2 Bxd3+ 26. cxd3 Rxa1 27. dxe4 Qxb2+ 28. Kf3 Rf1+ 29. Kg3 exf4+ 30. Kh2 Qc1 31. Kh3 Qe3+ 32. Kh2 Rf2 33. Kg1 Rf3+ 34. Kh1 Rh3+ 35. Rh2 Qe1+ 0-1